000 01289nam a2200241Ia 4500
003 Ost
005 20260507075726.0
008 260507s9999||||xx |||||||||||||| ||und||
040 _cfsecg
041 _aara
082 _a332.45
100 _aالنجار، فريد راغب
_eمؤلف
245 0 _aاليورو العملة الاروبية الموحدة :
_bالحقائق - الآثار التجارية والمصرفية - التوقعات /
_c فريد راغب النجار
260 _aالاسكندرية:
_bمؤسسة شباب الجامعة,
_c2004
300 _a149 صفحة؛
_c24 سم
504 _aبيبليو غرافيا : ص.145
520 _aدوافع تحليل اليورو ؛ مؤسسات واتفاقيات اليورو ؛ اليورو والبنك المركزي الأوروبي ؛ المعاملات اليومية لليورو خمسون سؤالا وجوابا حول اليورو ؛ اليورو وبنوك الاستثمار والبورصات ؛ أثر اليورو على العلاقات المصريفية الدولية ؛ اليورو والاقتصادات العربية
653 _aاقتصاد -أوروبا
653 _aالعملات الاجنبية
653 _aالنقود
653 _aاليورو
942 _cكتاب
999 _c45974
_d45974